All Countries in Order of Land Area - Statistics

General Stats
  • This quiz has been taken 113 times
  • The average score is 156 of 196
Answer Stats
Rank Area (km²) Letter Continent/Region Answer % Correct
2 9,984,670 C Americas Canada
100%
3 9,596,961 C Asia China
100%
1 17,098,246 R Europe/Asia Russia
100%
10 2,381,741 A Africa Algeria
98%
8 2,780,400 A Americas Argentina
98%
5 8,515,767 B Americas Brazil
98%
11 2,344,858 D Africa D. R. Congo
98%
7 3,287,263 I Asia India
98%
14 1,910,931 I Asia Indonesia
98%
9 2,724,900 K Asia Kazakhstan
98%
16 1,759,540 L Africa Libya
98%
13 1,964,375 M Americas Mexico
98%
18 1,564,110 M Asia Mongolia
98%
12 2,149,690 S Asia Saudi Arabia
98%
15 1,861,484 S Africa Sudan
98%
22 1,246,700 A Africa Angola
97%
6 7,692,024 A Oceania Australia
97%
27 1,098,581 B Americas Bolivia
97%
25 1,141,748 C Americas Colombia
97%
26 1,104,300 E Africa Ethiopia
97%
17 1,648,195 I Asia Iran
97%
23 1,240,192 M Africa Mali
97%
28 1,030,700 M Africa Mauritania
97%
21 1,267,000 N Africa Niger
97%
19 1,285,216 P Americas Peru
97%
4 9,525,067 U Americas United States
97%
32 916,445 V Americas Venezuela
97%
39 676,578 M (B) Asia Myanmar
95%
33 907,132 P Asia Pakistan
95%
64 342,000 R (C) Africa Rep. of the Congo
95%
24 1,221,037 S Africa South Africa
95%
30 945,087 T Africa Tanzania
95%
45 603,500 U Europe Ukraine
95%
49 527,968 Y Asia Yemen
95%
38 752,612 Z Africa Zambia
95%
20 1,284,000 C Africa Chad
93%
37 756,102 C Americas Chile
93%
42 640,679 F Europe France
93%
63 357,114 G Europe Germany
93%
34 825,615 N Africa Namibia
93%
31 923,768 N Africa Nigeria
93%
54 462,840 P Oceania Papua New Guinea
93%
59 406,752 P Americas Paraguay
93%
36 783,562 T Asia Turkey
93%
60 390,757 Z Africa Zimbabwe
93%
29 1,002,450 E Africa Egypt
92%
65 338,424 F Europe Finland
92%
68 322,463 I (C) Africa Ivory Coast
92%
62 377,975 J Asia Japan
92%
70 309,500 O Asia Oman
92%
69 312,696 P Europe Poland
92%
89 176,215 U Americas Uruguay
92%
56 447,400 U Asia Uzbekistan
92%
71 301,339 I Europe Italy
90%
48 580,367 K Africa Kenya
90%
35 801,590 M Africa Mozambique
90%
61 386,273 N Europe Norway
90%
41 644,329 S Africa South Sudan
90%
66 331,212 V Asia Vietnam
90%
73 276,841 E Americas Ecuador
88%
51 505,992 S Europe Spain
88%
55 450,295 S Europe Sweden
88%
52 488,100 T Asia Turkmenistan
88%
40 652,230 A Asia Afghanistan
87%
101 112,492 H Americas Honduras
87%
82 236,800 L Asia Laos
87%
90 163,820 S Americas Suriname
87%
79 241,550 U Africa Uganda
87%
84 207,600 B Europe Belarus
85%
83 214,969 G Americas Guyana
85%
58 438,317 I Asia Iraq
85%
85 199,951 K Asia Kyrgyzstan
85%
75 270,467 N Oceania New Zealand
85%
43 637,657 S Africa Somalia
85%
50 513,120 T Asia Thailand
85%
78 242,495 U Europe United Kingdom
85%
47 581,730 B Africa Botswana
83%
74 274,222 B Africa Burkina Faso
83%
88 181,035 C Asia Cambodia
83%
110 89,342 J Asia Jordan
83%
72 300,000 P Asia Philippines
83%
81 238,397 R Europe Romania
83%
130 43,094 D Europe Denmark
82%
46 587,041 M Africa Madagascar
82%
67 330,803 M Asia Malaysia
82%
53 475,442 C Africa Cameroon
80%
44 622,984 C Africa Central African Republic
80%
76 267,668 G Africa Gabon
80%
80 238,533 G Africa Ghana
80%
95 131,957 G Europe Greece
80%
77 245,857 G Africa Guinea
80%
144 27,750 H Americas Haiti
80%
122 64,559 L Europe Latvia
80%
121 65,300 L Europe Lithuania
80%
108 93,028 H Europe Hungary
78%
111 88,361 S Europe Serbia
78%
126 51,100 C Americas Costa Rica
77%
128 48,671 D Americas Dominican Republic
77%
99 117,600 E Africa Eritrea
77%
129 45,227 E Europe Estonia
77%
135 36,125 G Africa Guinea-Bissau
77%
106 103,000 I Europe Iceland
77%
116 75,417 P Americas Panama
77%
145 26,338 R Africa Rwanda
77%
140 28,896 S Oceania Solomon Islands
77%
114 83,600 U Asia United Arab Emirates
77%
104 109,884 C Americas Cuba
75%
105 108,889 G Americas Guatemala
75%
138 30,355 L Africa Lesotho
75%
96 130,373 N Americas Nicaragua
75%
123 56,785 T Africa Togo
75%
158 12,189 V Oceania Vanuatu
75%
139 29,743 A Asia Armenia
73%
112 86,600 A Asia Azerbaijan
73%
115 78,865 C Europe Czechia
73%
149 21,041 E Americas El Salvador
73%
152 18,272 F Oceania Fiji
73%
118 70,273 I Europe Ireland
73%
161 10,991 J Americas Jamaica
73%
57 446,550 M Africa Morocco
73%
181 459 P Oceania Palau
73%
159 11,586 Q Asia Qatar
73%
94 143,100 T Asia Tajikistan
73%
141 28,748 A Europe Albania
72%
180 468 A Europe Andorra
72%
113 83,871 A Europe Austria
72%
148 22,966 B Americas Belize
72%
178 702 F (M) Oceania F. S. Micronesia
72%
109 92,090 P Europe Portugal
72%
87 185,180 S Asia Syria
72%
91 163,610 T Africa Tunisia
72%
92 147,570 B Asia Bangladesh
70%
137 30,528 B Europe Belgium
70%
103 111,002 B Europe Bulgaria
70%
147 23,200 D Africa Djibouti
70%
119 69,700 G Asia Georgia
70%
169 2,586 L Europe Luxembourg
70%
195 2 M Europe Monaco
70%
97 120,540 N Asia North Korea
70%
146 25,713 N Europe North Macedonia
70%
166 5,130 T Americas Trinidad and Tobago
70%
196 0.5 V Europe Vatican City
70%
156 13,943 B Americas Bahamas
68%
184 430 B Americas Barbados
68%
100 114,763 B Africa Benin
68%
125 51,209 B Europe Bosnia and Herzegovina
68%
143 27,834 B Africa Burundi
68%
171 1,862 C Africa Comoros
68%
124 56,594 C Europe Croatia
68%
175 751 D Americas Dominica
68%
155 14,919 E (T) Asia East Timor
68%
186 344 G Americas Grenada
68%
173 811 K Oceania Kiribati
68%
162 10,887 K Europe Kosovo
68%
153 17,818 K Asia Kuwait
68%
102 111,369 L Africa Liberia
68%
194 21 N Oceania Nauru
68%
93 147,181 N Asia Nepal
68%
131 41,850 N Europe Netherlands
68%
179 616 S Americas Saint Lucia
68%
127 49,037 S Europe Slovakia
68%
176 747 T Oceania Tonga
68%
183 442 A Americas Antigua and Barbuda
67%
167 4,033 C Africa Cape Verde
67%
191 160 L Europe Liechtenstein
67%
98 118,484 M Africa Malawi
67%
136 33,846 M Europe Moldova
67%
189 261 S Americas Saint Kitts and Nevis
67%
168 2,842 S Oceania Samoa
67%
192 61 S Europe San Marino
67%
172 964 S Africa Sao Tome and Principe
67%
86 196,722 S Africa Senegal
67%
151 20,273 S Europe Slovenia
67%
132 41,284 S Europe Switzerland
67%
134 36,193 T Asia Taiwan
67%
193 26 T Oceania Tuvalu
67%
133 38,394 B Asia Bhutan
65%
154 17,364 E Africa Eswatini
65%
150 20,770 I Asia Israel
65%
187 316 M Europe Malta
65%
157 13,812 M Europe Montenegro
65%
117 71,740 S Africa Sierra Leone
65%
177 726 S Asia Singapore
65%
174 778 B Asia Bahrain
63%
165 5,765 B Asia Brunei
63%
160 11,295 G Africa Gambia
63%
163 10,452 L Asia Lebanon
63%
190 181 M Oceania Marshall Islands
63%
185 389 S Americas Saint Vincent and the Grenadines
63%
182 452 S Africa Seychelles
63%
107 100,210 S Asia South Korea
63%
188 300 M Asia Maldives
62%
120 65,610 S Asia Sri Lanka
62%
164 9,251 C Asia Cyprus
58%
142 28,051 E Africa Equatorial Guinea
58%
170 2,040 M Africa Mauritius
48%
No matching quizzes found
Score Distribution
Percent of People with Each Score
Percentile by Number Answered
Your Score History
You have not taken this quiz